| 000 | 01138nam a2200325uu 4500 | ||
|---|---|---|---|
| 001 | 1504020 | ||
| 005 | 20260508093226.0 | ||
| 008 | 180831s2016 spa | ||
| 020 | _a9789587758177 | ||
| 035 | _a1504020 | ||
| 040 | _ccomduadb | ||
| 041 | _aspa | ||
| 082 | 4 | _a515 | |
| 100 | 1 | 0 |
_aGaleano Urueña, Carlos Humberto _4aut _eaut _9460444 |
| 245 | 1 | 3 | _aEl método de los elementos finitos : un enfoque teórico práctico |
| 250 | _a1. edición | ||
| 260 |
_aBogotá : _bUniversidad Nacional de Colombia, _c2016. |
||
| 300 |
_a307 páginas : _bilustraciones algunas a color. |
||
| 490 | 0 | _aNotas de clase yu Takeuchi | |
| 650 |
_aMétodo de elementos finitos _932147 |
||
| 650 |
_aEcuaciones diferenciales parciales _91972 |
||
| 650 |
_aProblemas y ejercicios _9200081 |
||
| 650 | 7 |
_aAnálisis numérico _2lemb _932679 |
|
| 650 | 7 |
_aMatemáticas para ingenieros _2lemb _942531 |
|
| 650 |
_aMétodos de simulación _92732 |
||
| 650 |
_aMétodo de Galerkin _9111739 |
||
| 700 | 1 | 0 |
_aMantilla González, Juan Miguel _4aut _eaut _9451469 |
| 700 | 1 | 0 |
_aGalvis Arrieta, Juan Carlos _4aut _eaut _9775542 |
| 942 | _cBOOK | ||
| 999 |
_c792003 _d792003 |
||